Statistiques concernant Devinez le Pays Mystère #145

Cliquez ici pour prendre le quiz!

Statistiques générales

  • Ce quiz a été pris 181 fois
  • Le résultat moyen est 13 sur 17

Statistiques - réponses

Type de RéponseRéponse% Correct
Lettre TrouvéeE
99%
Lettre TrouvéeA
98%
Lettre Bien PlacéeE
96%
Lettre TrouvéeÏ
96%
Lettre TrouvéeM
91%
Lettre TrouvéeU
90%
Lettre Bien PlacéeA
76%
Lettre TrouvéeA
74%
Lettre Bien PlacéeÏ
70%
Lettre Bien PlacéeA
69%
Lettre Bien PlacéeM
65%
Lettre Bien PlacéeU
65%
Lettre TrouvéeQ
63%
Lettre Bien PlacéeQ
61%
Lettre Bien PlacéeJ
59%
Lettre TrouvéeJ
59%
Pays MystèreJamaïque
59%

Distribution des résultats

Percentile par nombre de réponses

% des personnes avec chaque résultat

Votre développement - résultats

Vous n’avez pas pris ce quiz